Plantio da melancia (Registro n. 298576)
[ somente texto ]
| 000 -LÍDER | |
|---|---|
| fixed length control field | 01003nab a22002897a 4500 |
| 003 - CÓDIGO MARC DA AGÊNCIA CATALOGADORA | |
| Campo de controle | BR-BrBNA |
| 005 - DATA E HORA DA ÚLTIMA ATUALIZAÇÃO | |
| Campo de controle | 20240222141640.0 |
| 008 - CAMPO DE TAMANHO FIXO | |
| fixed length control field | 240222b bl.||||| |||| 00| 0 por d |
| 040 ## - FONTE DA CATALOGAÇÃO | |
| Agência catalogadora | BR-BrBNA |
| Idioma da catalogação | por |
| 072 ## - CATEGORIA AGRIS | |
| Código AGRIS | F01 ; F07 ; F62 |
| Código do objeto | 0820 |
| 100 ## - ENTRADA PRINCIPAL - NOME PESSOAL | |
| Nome pessoal | Godoy, Sônia Maria de |
| 100 ## - ENTRADA PRINCIPAL - NOME PESSOAL | |
| Nome pessoal | Tessarioli Netto, João (cons.) |
| 245 ## - TÍTULO PRINCIPAL | |
| Título principal | Plantio da melancia |
| 500 ## - NOTA GERAL | |
| Nota geral | 2 ref..; 1 illus. |
| 942 ## - ADDED ENTRY ELEMENTS (KOHA) | |
| Koha item type | |
| 650 ## - ASSUNTO - THESAGRO | |
| Cabeçalho tópico ou nome geográfico | MELANCIA |
| 650 ## - ASSUNTO - THESAGRO | |
| Cabeçalho tópico ou nome geográfico | FRUTA CUCURBITÁCEA |
| 650 ## - ASSUNTO - THESAGRO | |
| Cabeçalho tópico ou nome geográfico | VARIEDADE |
| 650 ## - ASSUNTO - THESAGRO | |
| Cabeçalho tópico ou nome geográfico | MANEJO DO SOLO |
| 650 ## - ASSUNTO - THESAGRO | |
| Cabeçalho tópico ou nome geográfico | SEMEADURA |
| 650 ## - ASSUNTO - THESAGRO | |
| Cabeçalho tópico ou nome geográfico | ADUBAÇÃO |
| 650 ## - ASSUNTO - THESAGRO | |
| Cabeçalho tópico ou nome geográfico | PRÁTICA CULTURAL |
| 650 ## - ASSUNTO - THESAGRO | |
| Cabeçalho tópico ou nome geográfico | CAPINA |
| 650 ## - ASSUNTO - THESAGRO | |
| Cabeçalho tópico ou nome geográfico | DESBASTE |
| 773 0# - ENTRADA ANALÍTICA | |
| Host Biblionumber | 1330 |
| Registro do item | 275250 |
| Imprenta | Campinas-SP Coordenadoria de Assistência Técnica Integral - CATI - Centro de Comunicação Rural e Treinamento - CECORT 1979. Data final de publicação em 1990 |
| Outro identificador | 2023-437056 |
| Título | Casa da Agricultura (Brazil) |
| ISSN | 0100-6541 |
| Colação | v. 2(4) p. 12-13 (Jul-Aug 1980) |
| Número de controle de registro | BR2023002417 |
Nenhum exemplar disponível.

BINAGRI